000 00310nam a22001337a 4500
008 170314b xxu||||| |||| 00| 0 eng d
020 _a9780791409343
041 _aeng
080 _a591
100 _a7
101 _ashm
245 _aTHE ANIMAL R IGHTS/ ENVIRONMENTAL ETHICS
_cHARGROVE, E.C
942 _2udc
_cBK
999 _c7761
_d7761